Proceedings of national seminar on Adancsed polymers - a gateway to research & industries (APGRI-2016) / (Nabinat-2011) : (Record no. 154208)

MARC details
000 -LEADER
fixed length control field 00774nam a22002057a 4500
005 - DATE AND TIME OF LATEST TRANSACTION
control field 20180717160732.0
010 ## - LCCN (DPL NO)
LC control number ENG-123489
020 ## - INTERNATIONAL STANDARD BOOK NUMBER
International Standard Book Number 9789385926655
Terms of availability 400.00
035 ## - SYSTEM CONTROL NUMBER
System control number EN-107021
037 ## - SOURCE OF ACQUISITION
Source of stock number/acquisition DBAD/PUB.
082 ## - DEWEY DECIMAL CLASSIFICATION NUMBER
Classification number 547.7
245 ## - TITLE STATEMENT
Title Proceedings of national seminar on Adancsed polymers - a gateway to research & industries (APGRI-2016) / (Nabinat-2011) :
Statement of responsibility, etc ed. by K.D. Lakshmi; L. Inbathamizh [and] S.P. Radhika
Remainder of title 22nd & 23rd September 2016 /
260 ## - PUBLICATION, DISTRIBUTION, ETC. (IMPRINT)
Place of publication, distribution, etc New Delhi
Name of publisher, distributor, etc Allied Publishers Private
Date of publication, distribution, etc 2017
270 ## - ADDRESS
Address 1/13-14 Asaf Ali Road ,
City New Delhi
Postal code 110002
300 ## - PHYSICAL DESCRIPTION
Extent xvii,60p.
Dimensions 24cm(Hb)
Other physical details ill.
500 ## - GENERAL NOTE
General note It include author index
700 ## - ADDED ENTRY--PERSONAL NAME
Personal name Inbathamizh L.
700 ## - ADDED ENTRY--PERSONAL NAME
Personal name Radhika S.P.
942 ## - ADDED ENTRY ELEMENTS (KOHA)
Source of classification or shelving scheme Dewey Decimal Classification
Item type English Books
Classification part 547.7
Call number suffix PRO
Holdings
Withdrawn status Lost status Not for loan Collection code Home library Current library Date acquired Source of acquisition Cost, normal purchase price Full call number Barcode Copy number Cost, replacement price Koha item type
    Not For Loan Non-fiction D.B.Act.Division Central Library 17/07/2018 DBAD/PUB 400.00 547.7 PRO EN-107021 1 400.00 English Books

© Delhi Public Library
Hit Counter
free hit counter